00681nam a2200169Ia 4500008004000000020001800040082001800058100002100076245010100097260005200198300001200250650002900262690001700291906001100308999001900319952017300338210210b2006 xxu||||| |||| 00| 0 eng d a81 250 3009 3 a279.5483 ZACS aZACHARIAH (K C). aSyrian christians of Kerala: Demographic and socio-economic transition in the twentieth century. aHyderabadbOrient Longman Private Limitedc2006 axvi,300 aSyrian Christians Kerala aChristianity a061596 c108512d108512 001040708ReligionaALbALcReligiond2021-02-17eVedam S and Books Private Limitedg750.00l2o279.5483 ZACSp061596r2023-07-17 00:00:00s2023-06-17w2021-02-17yBK